Sociological theory and survey research : (Record no. 114130)
[ view plain ]
| 000 -LEADER | |
|---|---|
| fixed length control field | 00616cam a2200181 i 4500 |
| 001 - CONTROL NUMBER | |
| control field | 3152479 |
| 005 - DATE AND TIME OF LATEST TRANSACTION | |
| control field | 20191004111410.0 |
| 008 - FIXED-LENGTH DATA ELEMENTS--GENERAL INFORMATION | |
| fixed length control field | 750711s1974 enka b 100 0 eng |
| 020 ## - INTERNATIONAL STANDARD BOOK NUMBER | |
| International Standard Book Number | 080399902X : |
| 040 ## - CATALOGING SOURCE | |
| Transcribing agency | PK-LaUMT |
| 082 00 - DEWEY DECIMAL CLASSIFICATION NUMBER | |
| Classification number | 301.0941 |
| Item number | SOC- |
| 245 00 - TITLE STATEMENT | |
| Title | Sociological theory and survey research : |
| Remainder of title | institutional change and social policy in Great Britain / |
| Statement of responsibility, etc | edited by Timothy Leggatt |
| 260 ## - PUBLICATION, DISTRIBUTION, ETC. (IMPRINT) | |
| Place of publication, distribution, etc | London ; |
| -- | Beverly Hills, Calif. : |
| Name of publisher, distributor, etc | Sage Publications, |
| Date of publication, distribution, etc | 1974 |
| 300 ## - PHYSICAL DESCRIPTION | |
| Extent | 334 p. : |
| Other physical details | ill. ; |
| Dimensions | 24 cm. |
| 700 1# - ADDED ENTRY--PERSONAL NAME | |
| Personal name | Leggatt, T. W. |
| 710 2# - ADDED ENTRY--CORPORATE NAME | |
| Corporate name or jurisdiction name as entry element | Social Science Research Council (Gt. Brit.). |
| 942 ## - ADDED ENTRY ELEMENTS (KOHA) | |
| Koha item type | Books |
| Withdrawn status | Lost status | Damaged status | Home library | Current library | Date acquired | Full call number | Barcode | Date last seen | Price effective from | Koha item type |
|---|---|---|---|---|---|---|---|---|---|---|
| UMT Main Campus | UMT Main Campus | 2019-10-04 | 301.0941 SOC- | 131823 | 2019-10-08 | 2019-10-04 | Books |
